[Event "Port of Burlington op"]
[Site "Burlington"]
[Date "2019.02.02"]
[Round "1"]
[White "Dutiel, Tony"]
[Black "Rudolph, Joziah Samuel"]
[Result "1-0"]
[WhiteElo "1811"]
[BlackElo "1860"]
[PlyCount "90"]
[EventDate "2019.02.02"]
[EventType "swiss"]
[EventRounds "5"]
[EventCountry "USA"]
[SourceTitle "EXT 2020"]
[Source "ChessBase"]
[SourceDate "2019.10.17"]
[SourceVersion "1"]
[SourceVersionDate "2019.10.17"]
[SourceQuality "1"]

1. e4 e5 2. Nf3 Nc6 3. Bc4 Bc5 4. c3 d6 5. d4 exd4 6. cxd4 Bb4+ 7. Bd2 Bxd2+ 8. Nbxd2 Nf6 9. Rc1 0-0 10. 0-0 Nxe4 11. Nxe4 d5 12. Bd3 dxe4 13. Bxe4 Bg4 14. Bxc6 bxc6 15. Rxc6 Rb8 16. b3 Rb4 17. d5 Rb5 18. d6 cxd6 19. Rxd6 Qa5 20. a4 Rf5 21. Qd2 Bxf3 22. Qxa5 Rxa5 23. gxf3 g6 24. Rfd1 Rg5+ 25. Kf1 Rf5 26. R1d3 Kg7 27. Ra6 Ra8 28. Ke2 Rh5 29. Rd7 Rb8 30. Raxa7 Rxb3 31. Rxf7+ Kg8 32. Rg7+ Kh8 33. Rgd7 Rb8 34. a5 Rxh2 35. a6 Rh5 36. Rab7 Ra8 37. a7 Re5+ 38. Kd3 Ree8 39. Rxh7+ Kg8 40. Rhg7+ Kh8 41. Rxg6 Rad8+ 42. Kc4 Re1 43. Rd6 Rc1+ 44. Kb3 Rdc8 45. Rdb6 Ra1 1-0

[Event "Wisconsin Int"]
[Site "Madison"]
[Date "2017.06.15"]
[Round "4"]
[White "Li, Kevin"]
[Black "Rudolph, Joziah Samuel"]
[Result "1/2-1/2"]
[WhiteElo "2182"]
[BlackElo "1836"]
[PlyCount "132"]
[EventDate "2017.06.13"]
[EventType "swiss"]
[EventRounds "9"]
[EventCountry "USA"]
[SourceTitle "CBM 179 Extra"]
[Source "ChessBase"]
[SourceDate "2017.08.23"]
[SourceVersion "1"]
[SourceVersionDate "2017.08.23"]
[SourceQuality "1"]

1. e4 e5 2. Nf3 Nf6 3. Nc3 Bb4 4. Bc4 Bxc3 5. dxc3 d6 6. Qe2 0-0 7. 0-0 Nbd7 8. b4 a5 9. Rd1 Re8 10. Ng5 Re7 11. Be3 Qe8 12. Qd3 h6 13. Nf3 Ng4 14. a3 Nxe3 15. Qxe3 Nf6 16. Nh4 Qc6 17. Bd5 Nxd5 18. exd5 Qc4 19. Nf3 Bg4 20. Qd3 Qf4 21. Re1 e4 22. Qe3 Qf5 23. Nd4 Qxd5 24. f3 Bf5 25. Nxf5 Qxf5 26. fxe4 Qg6 27. Qd3 Rae8 28. bxa5 Rxe4 29. Rxe4 Rxe4 30. Rb1 Qf5 31. Rf1 Qc5+ 32. Kh1 Re3 33. Qd1 Qxc3 34. Qd5 Re6 35. h3 Qc6 36. Qxc6 bxc6 37. Rf4 Re8 38. Ra4 Ra8 39. a6 Kf8 40. Kg1 Ke7 41. Kf2 Ra7 42. Ke3 d5 43. Kd4 Kd6 44. Ra5 c5+ 45. Rxc5 Rxa6 46. Rxd5+ Ke6 47. Re5+ Kf6 48. Re3 Kf5 49. Rf3+ Ke6 50. Kc5 f5 51. Re3+ Kd7 52. Rd3+ Kc8 53. c4 g5 54. Rf3 Ra5+ 55. Kc6 Ra6+ 56. Kc5 f4 57. h4 Re6 58. hxg5 hxg5 59. Kd4 Rh6 60. Ke4 Rh2 61. g3 Re2+ 62. Kd3 Ra2 63. Ke4 Kd7 64. gxf4 gxf4 65. Rxf4 Rxa3 66. Kd4 Ra5 1/2-1/2

[Event "Chicago op 26th"]
[Site "Chicago"]
[Date "2017.05.27"]
[Round "4"]
[White "Hong, Andrew Z"]
[Black "Rudolph, Joziah Samuel"]
[Result "1-0"]
[WhiteElo "2383"]
[BlackElo "1836"]
[PlyCount "83"]
[EventDate "2017.05.25"]
[EventType "swiss"]
[EventRounds "9"]
[EventCountry "USA"]
[SourceTitle "CBM 178 Extra"]
[Source "ChessBase"]
[SourceDate "2017.06.22"]
[SourceVersion "1"]
[SourceVersionDate "2017.06.22"]
[SourceQuality "1"]

1. e4 b6 2. d4 Bb7 3. Bd3 e6 4. Nf3 c5 5. 0-0 cxd4 6. Nxd4 Nc6 7. Nxc6 Bxc6 8. Nc3 Nf6 9. e5 Nd5 10. Ne4 Nb4 11. Qg4 Nxd3 12. cxd3 Qc7 13. Bf4 Bxe4 14. dxe4 Qc2 15. Rac1 Qxe4 16. Rc7 h5 17. Qd1 d5 18. exd6 Qxf4 19. Qc2 Kd8 20. Qc6 Qxd6 21. Qxa8+ Kxc7 22. Rc1+ Qc5 23. Rxc5+ bxc5 24. Qxa7+ Kc6 25. Qa8+ Kd6 26. a4 g5 27. Qb8+ Ke7 28. a5 Bg7 29. Qc7+ Kf6 30. a6 Kg6 31. a7 Bxb2 32. Qb8 Rxb8 33. axb8Q Bd4 34. Kf1 h4 35. Ke2 f5 36. f3 Bg1 37. Kd3 Bd4 38. Qg8+ Kf6 39. Qf8+ Ke5 40. g3 hxg3 41. hxg3 f4 42. g4 1-0